Acto de graduación Dr. Eugenio Fonseca Tortós, 197 1° Semestre
Saved in:
| Corporate Author: | |
|---|---|
| Format: | Text |
| Published: |
San Pedro de M. de O. :
|
| Tags: |
Add Tag
No Tags, Be the first to tag this record!
|
MARC
| LEADER | 00000 a a2200000 04500 | ||
|---|---|---|---|
| 001 | 15877 | ||
| 003 | |||
| 040 | |||
| 090 | |a EXTRAVIADO | ||
| 110 | |a UCR. Facultad de Ciencias Sociales | ||
| 245 | |a Acto de graduación Dr. Eugenio Fonseca Tortós, 197 1° Semestre | ||
| 260 | |a San Pedro de M. de O. : | ||
| 300 | |a 9 p. | ||
| 999 | |c 17566 |d 17566 | ||
